000 00701nam a2200229 i 4500
001 18454
003 ES-MaACL
005 20251017063042.0
007 t|
008 011119s2001 sp ||||1| spa d
020 _a84-7844-550-1
080 _a821.134.2-14"19"
100 1 _aCirlot, Juan-Eduardo,
_d1916-1973
_938898
245 1 0 _aBronwyn /
_cJuan Eduardo Cirlot ; edición de Victoria Cirlot.
260 _aMadrid :
_bSiruela,
_c[2001]
300 _a676 p. :
_bil. ;
_c22 cm.
490 1 _aLibros del tiempo ;
_v138
700 1 _aCirlot, Victoria.
_938900
830 0 0 _aLibros del tiempo (Siruela)
_v138
_9233603
852 _aES-MaACL
_jL-25088
_bR.130465
999 _c18454
_d18454